00793nam a2200217 a 450000100100000000500170001000800410002704000250006808200200009310000350011324501030014826000770025130000190032849000250034750000420037250000400041465000250045465000270047970000420050683000270054800002604720200930024246.0110225s1970 ec r 000 p spa d aDO-SdBNPbspacBNPHU aEc861.42bM552C1 aMera, Juan León,c1832-1894.10aCantares del pueblo ecuatoriano /cJuan León Mera ; introducción Hernán Rodríguez Castelo. aGuayaquil Quito, ( Ecuador) :bPublicaciones Educativas Ariel,c[1970?]. a2 v. ;c18 cm.1 aClásicos Arielv44 aIncluye notas al pie de las páginas aLa biblioteca posee el segundo tomo 4aPoesía ecuatoriana 4aLiteratura ecuatoriana1 aRodríguez Castelo, Hernán,eintr. 0aClásicos Ariel ;v44